Arrest, detention, and criminal justice system : (Record no. 64516)

MARC details
000 -LEADER
fixed length control field 00948nam a22002417a 4500
005 - DATE AND TIME OF LATEST TRANSACTION
control field 20120329150532.0
008 - FIXED-LENGTH DATA ELEMENTS--GENERAL INFORMATION
fixed length control field 120329t xxu||||| |||| 00| 0 eng d
010 ## - LCCN (DPL NO)
LC control number ENG-104915
020 ## - INTERNATIONAL STANDARD BOOK NUMBER
International Standard Book Number 9780198075998
Terms of availability 895.00
020 ## - INTERNATIONAL STANDARD BOOK NUMBER
International Standard Book Number 0198075995
Terms of availability 895.00
035 ## - SYSTEM CONTROL NUMBER
System control number EN-88448
037 ## - SOURCE OF ACQUISITION
Source of stock number/acquisition DBAD/PUB
040 ## - CATALOGING SOURCE
Original cataloging agency DPL
Language of cataloging Eng
082 ## - DEWEY DECIMAL CLASSIFICATION NUMBER
Classification number 342.54
100 ## - MAIN ENTRY--PERSONAL NAME
9 (RLIN) 44515
Personal name Uma Devi, B.
245 ## - TITLE STATEMENT
Title Arrest, detention, and criminal justice system :
Statement of responsibility, etc by B. Uma Devi
Remainder of title a study in the context of the constitution of India /
260 ## - PUBLICATION, DISTRIBUTION, ETC. (IMPRINT)
Place of publication, distribution, etc New Delhi
Name of publisher, distributor, etc Oxford University Press
Date of publication, distribution, etc 2012
270 ## - ADDRESS
Address YMCA Library Building, 1 Jai Singh Road
City New Delhi
Postal code 110001
300 ## - PHYSICAL DESCRIPTION
Extent xxxiv,386p.
Dimensions 23cm(Hb)
500 ## - GENERAL NOTE
General note Includes bibliographical references and index
942 ## - ADDED ENTRY ELEMENTS (KOHA)
Source of classification or shelving scheme Dewey Decimal Classification
Item type English Books
Call number suffix UMA
Classification part 342.54
Holdings
Withdrawn status Lost status Source of classification or shelving scheme Damaged status Not for loan Collection code Home library Current library Date acquired Source of acquisition Cost, normal purchase price Total Checkouts Full call number Barcode Date last seen Copy number Cost, replacement price Koha item type
    Dewey Decimal Classification   Not For Loan Non-fiction D.B.Act.Division D.B.Act.Division 29/03/2012 DBAD/PUB 895.00   342.54 UMA EN-88448 29/03/2012 1 895.00 English Books

© Delhi Public Library
Hit Counter
free hit counter